Most Keystrokes - 15 Second Sprint - Statistics

General Stats
  • This quiz has been taken 312,040 times
    311,906 since last reset
  • The average score is 84 of 160
Answer Stats
Hits % Correct
1
100%
2
98%
3
97%
4
96%
5
95%
6
94%
7
94%
8
93%
9
92%
10
91%
11
91%
12
91%
13
90%
14
90%
15
90%
16
89%
17
88%
18
88%
19
87%
20
87%
21
86%
22
86%
23
85%
24
85%
25
84%
26
84%
27
84%
28
83%
29
83%
30
82%
31
82%
32
81%
33
81%
34
80%
35
80%
36
79%
37
79%
38
78%
39
78%
40
77%
41
77%
42
76%
43
76%
44
75%
45
75%
46
74%
47
74%
48
73%
49
73%
50
72%
51
72%
52
71%
53
71%
54
70%
55
70%
56
69%
57
69%
58
68%
59
68%
60
67%
61
67%
62
66%
63
66%
64
65%
65
64%
66
64%
67
63%
68
63%
69
62%
70
62%
71
61%
72
61%
73
60%
74
59%
75
59%
76
58%
77
58%
78
57%
79
56%
80
56%
81
55%
82
55%
83
54%
84
53%
85
52%
86
52%
87
51%
88
51%
89
50%
90
49%
91
49%
92
48%
93
47%
94
46%
95
46%
96
45%
97
44%
98
44%
99
43%
100
42%
101
41%
102
41%
103
40%
104
39%
105
38%
106
37%
107
37%
108
36%
109
35%
110
35%
111
34%
112
33%
113
32%
114
32%
115
31%
116
30%
117
29%
118
29%
119
28%
120
27%
121
26%
122
26%
123
25%
124
24%
125
23%
126
23%
127
22%
128
21%
129
21%
130
20%
131
19%
132
19%
133
18%
134
18%
135
17%
136
16%
137
16%
138
15%
139
15%
140
14%
141
13%
142
13%
143
12%
144
12%
145
11%
146
11%
147
10%
148
10%
149
9%
150
9%
151
8%
152
8%
153
7%
154
7%
155
6%
156
6%
157
6%
158
5%
159
5%
160
4%
No matching quizzes found
Score Distribution
Percent of People with Each Score
Percentile by Number Answered
Your Score History
You have not taken this quiz since the last reset